[Event "Paracin Open 2020"]
[Site "Paracin"]
[Date "2020.07.03"]
[Round "1.12"]
[White "Demir, Baran"]
[Black "Radeva, Viktoria"]
[Result "0-1"]
[WhiteElo "1866"]
[BlackElo "2327"]
[Annotator "TA"]
[PlyCount "108"]
[EventDate "2020.07.03"]
[EventType "swiss"]
[EventCountry "SRB"]
[SourceTitle "playchess.com"]
[Source "ChessBase"]
[SourceQuality "1"]

{[%evp 10,108,12,16,19,15,21,18,18,18,27,9,23,24,14,11,12,6,17,15,20,0,0,-33,42,47,77,-21,-21,-21,-21,-20,-21,-29,-28,-22,-12,-12,-12,-12,-12,-12,-12,-11,-11,-12,-12,-15,-12,-12,-12,-12,-12,-12,-12,-12,-12,-20,-20,-20,-15,-20,-15,-15,-15,-15,-15,-15,-15,-22,-22,-22,-16,-22,-22,-75,-8,-13,-8,-20,-20,-20,-20,-22,-15,-22,-22,-22,-22,-58,-22,-87,-88,-85,-87,-1839,-1312,-29997,-29998,-29998,-29999]} 1. d4 d5 2. Bf4 Nf6 3. Nf3 e6 4. e3 Bd6 5. Bxd6 Qxd6 6. c4 b6 {D02: 1 d4 d5 2 Nf3 sidelines, including 2...Nf6 3 g3 and 2...Nf6 3 Bf4.} 7. Nc3 O-O 8. Rc1 a6 {The position is equal.} 9. cxd5 exd5 10. Qc2 Nbd7 11. Bd3 Bb7 12. O-O {[#]} c5 $146 ({Predecessor:} 12... Rfe8 13. Na4 Rac8 14. Nc5 bxc5 15. dxc5 Qc6 16. Nd4 Qxc5 17. Qxc5 Nxc5 18. Rxc5 Nd7 {½-½ (70) Berg,E (2557)-Grandelius,N (2642) Stockholm 2017}) 13. dxc5 bxc5 14. Rfd1 Rfe8 15. Qb3 Rab8 {[#] ...c4 is the strong threat.} 16. Qa3 Qe6 ({Better is} 16... Bc6 $15) 17. Na4 $14 d4 18. Nxc5 (18. Bc4 $16 Qe7 19. exd4) 18... Nxc5 $11 19. Qxc5 Bxf3 20. gxf3 dxe3 21. Qxe3 Qxa2 22. Qd4 Qa5 23. Rc5 Qb6 24. Qc3 Qxb2 25. Qxb2 Rxb2 26. Bxa6 Rb6 27. Bc4 Rb7 28. Ba6 Rbe7 29. Bb5 Re1+ 30. Rxe1 Rxe1+ {[%mdl 4096] Endgame KRB-KRN} 31. Kg2 {Threatens to win with Rc8+.} g6 32. Bc4 Re7 33. Kf1 Nh5 34. Kg2 Kg7 35. Bb5 h6 36. h4 Re1 37. Rc7 Nf4+ 38. Kh2 Ne6 39. Rc3 Nd4 40. Bd7 Re7 41. Bh3 Re2 42. Rd3 {[#]} (42. Kg2 $11) 42... Nc6 (42... Rd2 $1 $17 {[%cal Rd2d3][%mdl 512]} 43. Rxd2 Nxf3+ {[%mdl 64] Double Attack} 44. Kg3 Nxd2) 43. Kg2 Rb2 44. f4 Rb4 45. Kg3 Nd4 {aiming for ...Ne2+.} 46. Re3 $1 Kf6 47. Re5 Rb3+ 48. Re3 Rb2 49. Rd3 Rb4 {White must now prevent ...Ne2+.} 50. Bd7 (50. Re3 $1 $11) 50... Ne2+ $17 51. Kf3 Nxf4 52. Rd6+ $2 {[%mdl 8192]} (52. Ra3 $17) 52... Ke5 $19 {( -> ...Rb3+)} 53. Ra6 Rb3+ 54. Kg4 f5+ {Accuracy: White = 76%, Black = 88%.} 0-1

[Event "Paracin Open 2020"]
[Site "Paracin"]
[Date "2020.07.03"]
[Round "1.13"]
[White "Pasti, Aron"]
[Black "Stojanovic, Milorad"]
[Result "1-0"]
[WhiteElo "2325"]
[BlackElo "1866"]
[Annotator "TA"]
[PlyCount "97"]
[EventDate "2020.07.03"]
[EventType "swiss"]
[EventCountry "SRB"]
[SourceTitle "playchess.com"]
[Source "ChessBase"]
[SourceQuality "1"]

{[%evp 17,96,29,44,26,26,22,32,9,9,9,12,9,19,10,84,17,65,37,83,21,28,35,30,32,43,17,45,29,27,0,0,0,0,0,0,-34,-23,-36,18,-80,90,0,29,4,16,9,27,0,0,0,0,0,0,0,0,0,31,26,35,34,34,64,41,96,223,259,270,263,324,323,427,414,29984,29985,29984,29981,29979,29980,29998,29999,29999]} 1. e4 e5 2. Nf3 Nc6 3. Bb5 a6 4. Ba4 Nf6 5. O-O Be7 6. Re1 b5 7. Bb3 d6 8. c3 O-O 9. h3 Nb8 {seems to push 9...Na5 aside.} 10. a4 {C94: Closed Ruy Lopez: Breyer Variation with 10 d3.} Bb7 11. Bc2 c5 12. axb5 {White is slightly better.} axb5 13. Rxa8 Bxa8 {[#]} 14. d4 $146 ({Predecessor:} 14. Na3 Qa5 15. d4 Nbd7 16. Qe2 c4 17. Bd2 Bb7 18. Nh4 g6 19. Nf3 Re8 20. d5 {½-½ (35) Popov,V (2127)-Cvak,R (2292) ICCF email 2017}) 14... Qc7 15. d5 h6 (15... Bb7 $11 {remains equal.}) 16. Nbd2 (16. Na3 $16) 16... Nh7 17. Nf1 b4 18. c4 (18. cxb4 $16 cxb4 19. Ne3) 18... Bb7 19. Ng3 Re8 20. Nf5 {And now Nxe5! would win.} Bf8 21. Nh2 Bc8 22. Ba4 Bd7 23. f4 Bxa4 24. Qxa4 Qd7 25. Qb3 g6 $1 {[%cal Rg6f5]} 26. Ng3 (26. Qg3 {seems wilder.} Kh8 27. Ne3 exf4 28. Qxf4 Bg7 29. Neg4) 26... exf4 27. Bxf4 Bg7 (27... Qd8 $15) 28. Re2 {[#]} (28. Ng4 $11) 28... f6 $2 (28... Qe7 $1 $17 {and life is bright.}) 29. Ngf1 ({Better is} 29. h4 $16) 29... g5 30. Bc1 {Black should prevent Ng3.} f5 31. Ng3 $1 {[%cal Rg3f5]} fxe4 32. Nxe4 Nf6 33. Qd3 {Strongly threatening Nxf6+.} Rxe4 34. Rxe4 Nxe4 35. Qxe4 Qf7 36. h4 Nd7 37. hxg5 hxg5 {With the idea ...Bd4+.} 38. Nf3 Nf6 39. Qf5 $36 {[%mdl 2048] White is more active.} g4 40. Ng5 Qh5 {Loses the game.} (40... Qd7 $16 {might work better.} 41. Ne6 Qa4) 41. Qe6+ $18 Kh8 42. Qxd6 g3 43. Qxg3 Qd1+ 44. Kh2 Qxc1 (44... Qh5+ $18 45. Qh3 Qxh3+ 46. Kxh3 b3) 45. Qh3+ {White mates.} Kg8 46. Qe6+ Kh8 47. Qc8+ {[%mdl 64] [#] Double Attack} Ng8 48. Nf7+ Kh7 49. Qf5# {Accuracy: White = 66%, Black = 55%.} 1-0

[Event "Paracin Open 2020"]
[Site "Paracin"]
[Date "2020.07.03"]
[Round "1.14"]
[White "Kostadinovic, Uros"]
[Black "Pastar, Slaven"]
[Result "0-1"]
[WhiteElo "1859"]
[BlackElo "2323"]
[Annotator "TA"]
[PlyCount "36"]
[EventDate "2020.07.03"]
[EventType "swiss"]
[EventCountry "SRB"]
[SourceTitle "playchess.com"]
[Source "ChessBase"]
[SourceQuality "1"]

{[%evp 9,35,36,62,-10,6,-27,-19,-41,-47,-125,-135,-189,-205,-197,-205,-218,-144,-152,-166,-168,-151,-237,-232,-226,-227,-334,-333,-29999]} 1. e4 b6 2. d4 Bb7 3. Nc3 e6 4. Bd3 Nf6 5. Nge2 c5 6. f3 {B00: Queen's Fianchetto Defence, Nimzowitsch Defence.} (6. d5 $14) 6... d5 7. Bb5+ {[#]} Bc6 $146 {[%cal Rd5e4]} ({Predecessor:} 7... Nc6 8. Bg5 Be7 9. dxc5 bxc5 10. Bxf6 Bxf6 11. exd5 exd5 12. Qxd5 Qb6 13. Qe4+ Kf8 {½-½ (66) Grguric,Z (2116)-Vlaic,B (2304) Sibenik 2010}) 8. Bxc6+ {The position is equal.} Nxc6 9. Bf4 (9. exd5 $15 Nxd5 10. dxc5) 9... dxe4 $17 10. fxe4 (10. Nxe4 $17 {was necessary.} Nxe4 11. fxe4 cxd4 12. O-O) 10... cxd4 $19 11. Nb5 e5 ({And not} 11... Nxe4 12. Nc7+ Kd7 13. Nxa8 $16) 12. Bg5 a6 13. Bxf6 gxf6 14. Na3 Bb4+ 15. Kf2 {[#]} (15. c3 $17 dxc3 16. Qxd8+ Rxd8 17. Nxc3) 15... f5 $1 {[%mdl 512]} 16. exf5 e4 ({Much less strong is} 16... Qg5 17. Qd3 $17) ({But not} 16... Bxa3 17. bxa3 e4 18. Rf1) 17. Rf1 (17. Nf4 {keeps fighting.}) 17... d3 18. Ng3 $2 (18. cxd3 $19 Bc5+ 19. d4 Nxd4 20. Nxd4 Bxd4+ 21. Ke2 Bxb2 {[%mdl 64] Double Attack} 22. Qa4+ b5 23. Qxe4+ Qe7 24. Qxe7+ Kxe7 25. Nc2 Bxa1 26. Rxa1) 18... Qd4# {Accuracy: White = 23%, Black = 86%.} 0-1

[Event "Paracin Open 2020"]
[Site "Paracin"]
[Date "2020.07.03"]
[Round "1.15"]
[White "Todorovic, Nenad I"]
[Black "Tosic, Dragoljub"]
[Result "1-0"]
[WhiteElo "2295"]
[BlackElo "1857"]
[Annotator "RC"]
[PlyCount "85"]
[EventDate "2020.07.03"]
[EventType "swiss"]
[EventCountry "SRB"]
[SourceTitle "playchess.com"]
[Source "ChessBase"]
[SourceQuality "1"]
[TimeControl "5400+30"]

1. e4 d6 2. d4 Nf6 3. Nc3 g6 4. Nf3 Bg7 5. h3 O-O 6. Be3 c6 7. a4 Qa5 8. Nd2 e5 9. dxe5 dxe5 10. Nc4 Qc7 11. Qd6 Ne8 12. Qxc7 Nxc7 13. Bc5 Re8 14. Nd6 Rd8 15. Bc4 Ne6 16. Bxe6 fxe6 17. Nxc8 Rxc8 18. O-O-O Na6 19. Be3 Bf8 20. Bg5 Rc7 21. Rd2 h6 22. Be3 b6 23. Rhd1 g5 24. h4 Be7 25. f3 Kf7 26. Rh1 Rd8 27. hxg5 Rxd2 28. g6+ Kg7 29. Bxh6+ Kxg6 30. Bxd2 Bf8 31. Nd1 Nc5 32. b3 Nd7 33. Ne3 Nf6 34. Bc3 Rd7 35. Nc4 Bh6+ 36. Kb1 Rc7 37. Nxe5+ Kh7 38. Bd2 Ng8 39. Bxh6 Rc8 40. Bf8+ Nh6 41. Rxh6+ Kg8 42. Be7 Kg7 43. Rg6+ 1-0

[Event "Paracin Open 2020"]
[Site "Paracin"]
[Date "2020.07.03"]
[Round "1.16"]
[White "Ljepic, Andrej"]
[Black "Formento, Paolo"]
[Result "0-1"]
[WhiteElo "1852"]
[BlackElo "2294"]
[Annotator "TA"]
[PlyCount "96"]
[EventDate "2020.07.03"]
[EventType "swiss"]
[EventCountry "SRB"]
[SourceTitle "playchess.com"]
[Source "ChessBase"]
[SourceQuality "1"]

{[%evp 9,96,13,23,18,27,27,34,19,16,0,35,-24,-16,-26,-23,-49,-9,-8,-11,-10,-16,-15,-14,-7,0,-16,-12,-21,-14,-43,-14,-31,0,0,0,0,0,3,27,0,0,-4,0,0,0,0,0,0,0,0,0,0,0,0,0,-16,0,-5,0,-6,-5,-10,0,0,0,-9,-9,-22,-27,-56,-50,-108,-106,-126,-126,-140,-140,-140,-135,-141,-141,-164,-118,-275,-218,-219,-247,-312,-61]} 1. e4 e5 2. Nf3 Nc6 3. Bc4 Bc5 4. c3 Nf6 5. d3 a6 6. a4 {C54: Giuoco Piano: 4 c3 Nf6, main lines with 5 d4 and 5 d3.} d6 7. O-O Ba7 8. h3 {White is slightly better.} O-O 9. Na3 Ne7 10. Nc2 (10. Bg5 $14) 10... Ng6 $11 11. Re1 c6 {[#]} 12. d4 $146 ({Predecessor:} 12. Ba2 Re8 13. d4 exd4 14. Ncxd4 Nxe4 15. Bxf7+ Kxf7 16. Rxe4 Rxe4 17. Ng5+ Kg8 18. Nxe4 {1-0 (33) Pacher,M (2502)-Kantor,G (2418) Budapest 2016}) 12... exd4 13. Ncxd4 Nxe4 14. Rxe4 {[#] Strongly threatening Re1.} d5 15. Bxd5 $1 Qxd5 16. Re1 $1 Rd8 {...c5 is the strong threat.} 17. Be3 h6 18. Nc2 Qa5 19. b4 Qc7 20. Qc1 Be6 21. Bxa7 Rxa7 22. Nfd4 Bd5 23. Ne3 Raa8 {[%cal Ba7a8,Ba8d8,Bd8d1][%mdl 32]} (23... c5 {with more complications.} 24. bxc5 Qxc5 25. Nef5 Bc6 26. Qc2 Bd7) 24. Nxd5 (24. Nef5 {is more complex.} Bc4 25. Qe3 Rd5 26. h4 c5 27. bxc5 Rxc5 28. Qf3) 24... Rxd5 25. Qc2 Qd7 26. Nf3 Rd8 27. Re3 c5 28. Rae1 cxb4 29. cxb4 Rd1 30. Rxd1 (30. h4 {seems wilder.} Nf4 31. Qe4 Rxe1+ 32. Rxe1 Ne6 33. g3) 30... Qxd1+ 31. Qxd1 Rxd1+ {[%mdl 4096] Endgame KRN-KRN} 32. Kh2 Rb1 33. Re4 Nf8 34. Ne5 Ne6 35. Nd3 Rb3 36. Nc5 Nxc5 37. bxc5 {KR-KR} Kf8 38. Rc4 a5 39. c6 bxc6 40. Rxc6 ({White should try} 40. Rc5 $1 $15) 40... Rb4 $17 41. Rc8+ Ke7 42. Rc7+ Ke6 43. Ra7 Rxa4 44. Kg3 g6 45. f3 Kf6 46. Kh2 $2 {[#]} (46. h4 $17) 46... h5 47. Kg3 h4+ 48. Kh2 Ke5 $2 {Accuracy: White = 79%, Black = 79%.} (48... g5 $19 49. Kg1 Ra2) 0-1

[Event "Paracin Open 2020"]
[Site "Paracin"]
[Date "2020.07.04"]
[Round "2.1"]
[White "Aleksic, Neven"]
[Black "Basso, Pier Luigi"]
[Result "0-1"]
[WhiteElo "2169"]
[BlackElo "2596"]
[Annotator "TA"]
[PlyCount "86"]
[EventDate "2020.07.03"]
[EventType "swiss"]
[EventCountry "SRB"]
[SourceTitle "playchess.com"]
[Source "ChessBase"]
[SourceQuality "1"]

{[%evp 9,86,34,40,32,39,37,34,25,22,22,31,3,29,18,18,10,18,10,11,9,6,4,15,-7,-12,-16,-12,-12,0,0,0,-8,0,-12,17,15,15,0,0,0,0,0,0,0,0,-25,-22,-11,-12,-13,-16,-23,-26,-32,-14,-41,-27,-35,-29,-28,0,-16,0,0,0,-86,-86,-86,-86,-86,16,-113,-108,-611,-589,-574,-560,-757,-706]} 1. d4 g6 2. c4 Bg7 3. Nc3 e6 4. Nf3 Ne7 5. e3 d5 6. Be2 {A40: Unusual replies to 1 d4.} O-O 7. O-O b6 8. cxd5 {White is slightly better.} exd5 9. b3 {[#]} Bb7 $146 ({Predecessor:} 9... c6 10. Ba3 Re8 11. Rc1 Nf5 12. Bd3 Nd6 13. Qc2 Bf5 14. Bxf5 Nxf5 15. Rfd1 Nd7 {0-1 (30) Arabidze,M (2398)-Melia,S (2376) Vani 2019}) 10. Bb2 Nd7 {[%cal Bb8d7,Bd7f8,Bf8e6][%mdl 32]} 11. Rc1 a6 12. Qd2 Re8 13. Bd3 Nc8 14. Ba3 Nf8 15. Rc2 Nd6 16. Bxd6 Qxd6 17. Rfc1 Ne6 18. Na4 Rac8 19. b4 Qd7 20. Nc3 Red8 21. Ne2 Bf8 (21... c5 $5 22. dxc5 (22. bxc5 bxc5 23. dxc5 d4 $11) 22... bxc5 23. bxc5 d4 $11) 22. Rb1 Bd6 23. a4 c5 ({Reject} 23... Qxa4 24. b5 $16) 24. bxc5 bxc5 25. dxc5 Nxc5 26. a5 Ne4 27. Bxe4 dxe4 28. Nfd4 Rxc2 29. Qxc2 Rc8 30. Qb2 Bd5 31. g3 h5 32. h4 Bc4 33. Kg2 Bd3 34. Rc1 Rb8 35. Qa2 Qg4 36. Rc6 $40 {[%mdl 128] White mounts an attack.} Be5 37. Rc5 (37. Rb6 $11 {remains equal.}) 37... Bxd4 $1 $17 38. Nxd4 {Rg5 is the strong threat.} Qd1 $1 39. Rc7 Rf8 (39... Qf1+ $17 40. Kh2 Bc4 41. Rxc4 Rb1 42. Qxb1 (42. Rc8+ Kg7 $17) 42... Qxb1) 40. Qb2 {[#]} (40. Kh2 $11 Qg4 41. Kg2) 40... Bf1+ $1 41. Kh2 $2 {[%mdl 8192] [#]} (41. Kg1 $17 Bh3+ 42. Kh2) 41... Qg4 $1 $19 {[%cal Rg4h3] ( -> ...Qh3+). Black is clearly winning.} 42. Kg1 Qh3 {[%csl Gf1][%cal Rh3g2]} 43. f3 Qxg3+ {[%mdl 64] Double Attack. Accuracy: White = 69%, Black = 88%.} 0-1

[Event "Paracin Open 2020"]
[Site "Paracin"]
[Date "2020.07.04"]
[Round "2.2"]
[White "Ernst, Sipke"]
[Black "Terziev, Dimo"]
[Result "1-0"]
[WhiteElo "2540"]
[BlackElo "2167"]
[Annotator "TA"]
[PlyCount "93"]
[EventDate "2020.07.03"]
[EventType "swiss"]
[EventCountry "SRB"]
[SourceTitle "playchess.com"]
[Source "ChessBase"]
[SourceQuality "1"]

{[%evp 18,93,18,18,114,107,128,6,28,4,0,-44,43,0,0,0,0,0,0,0,0,0,-10,-12,115,115,122,143,129,0,9,0,0,0,0,-18,20,0,59,0,0,0,145,139,524,527,513,465,662,407,389,390,681,0,0,0,667,675,672,666,675,668,635,649,634,639,631,606,29960,29958,29946,29944,29982,29978,29984,29985,29989,29987]} 1. d4 d5 2. c4 dxc4 3. e3 Nf6 4. Bxc4 e6 5. Qe2 a6 6. Nf3 b5 7. Bd3 c5 8. dxc5 Bxc5 9. O-O O-O 10. e4 {[#]} Nfd7 $146 {D26: Queen's Gambit Accepted: 4 e3 e6 5 Bxc5 c5 sidelines.} (10... e5 $11) ({Predecessor:} 10... e5 11. Nbd2 Nc6 12. Nb3 Ba7 13. Be3 Bg4 14. Rfd1 Qe7 15. Rac1 Nd4 16. Nbxd4 Bxd4 17. Bxd4 exd4 18. h3 Bxf3 19. Qxf3 Rfe8 20. Qf4 Nh5 21. Qf3 Nf6 22. Qf4 {½-½ (22) Can,E (2605)-Solodovnichenko,Y (2568) Rome 2017}) 11. e5 $16 g6 12. b4 ({Better is} 12. Be4 $16 Ra7 13. Bh6) 12... Bxb4 $11 {The position is equal.} 13. Be4 Ra7 14. a4 Bc5 (14... bxa4 $1 $15 15. Bh6 Re8) 15. Bh6 {[%mdl 1024] White has compensation.} (15. Bg5 $5 {[%cal Rg5d8]} Qc7 16. Nbd2 $11) 15... Re8 16. Nbd2 b4 17. a5 Bb7 18. Rac1 Bd5 19. Bxd5 exd5 20. Nb3 Bd6 (20... Rc7 $11) 21. Be3 $1 $16 {[%cal Re3a7]} Bxe5 22. Nxe5 Rxe5 23. Qd2 ({Only move:} 23. Qc2 $1 $16 Rb7 24. Qc8 Qxc8 25. Rxc8+ Kg7 26. Bd4) 23... Rb7 $11 24. Rc2 Nf6 25. Rfc1 Re8 $1 26. Qd4 {Hoping for Rc8!} Qe7 27. h3 {Strongly threatening Bg5.} Kg7 (27... Ne4 $11) 28. Qh4 (28. Nc5 $14 Rb5 29. Nxa6 Nxa6 30. Rc6) 28... Ne4 $1 29. Bd4+ Kg8 (29... f6 $1 $11) 30. Rc8 $16 {And now f3 would win.} (30. Qh6 f6 $17) 30... Nd6 $2 {[%mdl 8192]} ({Weaker is} 30... Qxh4 31. Rxe8#) (30... f5 $16 {is tougher.} 31. Rxe8+ Qxe8) 31. Rxe8+ $18 {[%mdl 64] Overworked Piece} (31. Qh6 Nf5 $15) 31... Nxe8 32. Rc8 f6 {[#]} (32... f5 $142 33. Qxe7 {[%mdl 64] Overworked Piece} Rxe7 34. Rxb8 Kf7 35. Rxb4 Nc7) 33. Rxe8+ $1 {[%mdl 576] Remove Defender} Qxe8 34. Qxf6 {aiming for Nc5!} Re7 $2 {[#]} (34... Qe1+ 35. Kh2 Qe7) 35. Qh8+ $2 $40 {[%mdl 128] White mounts an attack.} (35. Nc5 $1 $18 {White threatens Qh8+ and mate.} Qf8 36. Qh8+ Kf7 37. Qxh7+ Ke8 38. Qxg6+ {[%mdl 64] Double Attack} Qf7 39. Qd6) 35... Kf7 $11 36. Qf6+ $2 {[%mdl 8192]} (36. Qxh7+ $11 Ke6 37. Qh4 (37. Nc5+ Kd6 $11)) 36... Kg8 $18 {[#]} 37. Nc5 $1 {Intending Qh8+ and mate.} Qf8 38. Qh8+ Kf7 39. Qxh7+ Ke8 40. Qxg6+ {[%mdl 64] Double Attack} Qf7 41. Qd6 {[%cal Rd6b8]} Nd7 42. Nxa6 {Threatens to win with Nc7+.} b3 43. Nc7+ {White mates.} Kd8 44. Nxd5 Re1+ 45. Kh2 Rc1 46. a6 b2 47. Bxb2 {Accuracy: White = 74%, Black = 44%.} 1-0

[Event "Paracin Open 2020"]
[Site "Paracin"]
[Date "2020.07.04"]
[Round "2.3"]
[White "Radosavljevic, Slobodan D"]
[Black "Mendonca, Leon Luke"]
[Result "0-1"]
[WhiteElo "2159"]
[BlackElo "2470"]
[Annotator "TA"]
[PlyCount "66"]
[EventDate "2020.07.03"]
[EventType "swiss"]
[EventCountry "SRB"]
[SourceTitle "playchess.com"]
[Source "ChessBase"]
[SourceQuality "1"]

{[%evp 13,66,0,0,-14,39,8,7,9,16,-23,-14,-64,-54,-44,-41,-52,-49,-115,-104,-122,-135,-126,-138,-151,-119,-141,-97,-203,-89,-84,-89,-138,-80,-368,-369,-381,-375,-374,-369,-368,-364,-361,-372,-374,-367,-842,-895,-858,-868,-834,-822,-1119,-1098,-963,-954]} 1. Nf3 Nf6 2. g3 d5 3. Bg2 e6 4. O-O Be7 5. d3 O-O 6. c4 b6 {seems to push 6...c5 aside.} 7. Nc3 Bb7 8. Bf4 {A17: English Opening: 1...Nf6 with ...Bb4.} a6 (8... c5 $11) 9. Ne5 Nbd7 {[#]} 10. d4 $146 {The position is equal.} ({Predecessor:} 10. Nxd7 Qxd7 11. Rc1 Bd6 12. Bxd6 Qxd6 13. cxd5 Nxd5 14. Nxd5 Bxd5 15. e4 Bxa2 16. Qa4 Qxd3 17. Qxa2 {1-0 (48) Riva,E (1639)-Alderete,J (1535) Asuncion 2010}) 10... Rc8 11. Qa4 c6 12. Qb3 b5 {[%cal Bb6b5,Bb5b4][%mdl 32]} 13. cxd5 cxd5 14. Rfd1 Nxe5 15. dxe5 (15. Bxe5 $15 Nd7 16. e4) 15... Nd7 $1 $17 16. h4 Nc5 17. Qc2 b4 18. Nb1 Qb6 {aiming for ...Ne4.} 19. Be3 Qb5 20. Qd2 (20. a4 $17 {was called for.} Qa5 21. Nd2) 20... a5 (20... f6 $1 $19 {has better winning chances.} 21. exf6 Bxf6) 21. Bd4 Ba6 $36 {[%mdl 2048] Black is in control.} 22. Bf1 {[#]} Ne4 (22... f6 $142 $1 {And now ...Ne4 would win.} 23. exf6 Bxf6) 23. Qd3 $2 {[%mdl 8192] Now White is beyond hope.} (23. Qf4 $17) 23... Qc6 $19 24. Qe3 {[#]} f6 $1 {[%cal Rf6e5]} 25. exf6 Bxf6 26. Nd2 Bxd4 27. Qxd4 Nxf2 28. Rdc1 Qd6 29. Kh2 $2 (29. Rxc8 Qxg3+ 30. Bg2 Bxc8 31. Rf1 Nh3+ 32. Kh1 Rxf1+ 33. Nxf1) 29... e5 {Black is clearly winning.} 30. Qa7 Ng4+ 31. Kh1 e4 32. Rxc8 Bxc8 33. Qg1 d4 {Accuracy: White = 46%, Black = 73%.} 0-1

[Event "Paracin Open 2020"]
[Site "Paracin"]
[Date "2020.07.04"]
[Round "2.4"]
[White "Cabarkapa, Novak"]
[Black "Kuzmanovic, Slobodan"]
[Result "1-0"]
[WhiteElo "2459"]
[BlackElo "2164"]
[Annotator "TA"]
[PlyCount "45"]
[EventDate "2020.07.03"]
[EventType "swiss"]
[EventCountry "SRB"]
[SourceTitle "playchess.com"]
[Source "ChessBase"]
[SourceQuality "1"]

{[%evp 9,45,-18,5,0,14,4,5,0,31,17,28,22,37,18,127,119,113,115,125,118,119,96,137,110,708,526,835,811,730,543,854,868,29982,29983,29984,689,29985,29986]} 1. d4 Nf6 2. Nc3 d5 3. Bf4 e6 4. e3 Bb4 5. Nge2 b6 6. a3 {D00: 1 d4 d5: Unusual lines.} Bd6 {[#]} 7. Rg1 $146 ({Predecessor:} 7. Qd2 O-O 8. f3 Bb7 9. O-O-O c5 10. g4 Nc6 11. g5 Ne8 12. h4 Nc7 13. Bg2 {0-1 (35) Capocyan,S (2150)-Kaliksteyn,A (2425) Dallas 2017}) 7... Ba6 8. g4 {The position is equal.} Bxf4 9. Nxf4 Bxf1 10. Rxf1 O-O 11. g5 $36 {[%mdl 2048] White is more active.} Ne4 (11... Ne8 $11 {remains equal.}) 12. Nxe4 $16 dxe4 13. Qg4 Qd6 14. Nh5 {aiming for Nf6+!} Nd7 15. Qxe4 Rfc8 16. O-O-O Qxh2 $2 {[%mdl 8192]} (16... b5 $16) 17. Ng3 h5 18. Rh1 Qxf2 19. Rh3 h4 20. Qxh4 {[%csl Gh3][%cal Rh4h8] [#]} ({Weaker is} 20. Nh1 Qf5 $18) 20... Qxe3+ 21. Kb1 {[%csl Gh3][%cal Rh4h8]} Kf8 22. Qh8+ Ke7 {[#]} 23. Nf5+ $1 {[%mdl 576] Discovered Attack. Black did not feel at home in the position after the opening. Accuracy: White = 91%, Black = 44%.} 1-0

[Event "Paracin Open 2020"]
[Site "Paracin"]
[Date "2020.07.04"]
[Round "2.5"]
[White "Albers, Sasa"]
[Black "Ratkovic, Miloje"]
[Result "0-1"]
[WhiteElo "2120"]
[BlackElo "2456"]
[Annotator "TA"]
[PlyCount "74"]
[EventDate "2020.07.03"]
[EventType "swiss"]
[EventCountry "SRB"]
[SourceTitle "playchess.com"]
[Source "ChessBase"]
[SourceQuality "1"]

{[%evp 9,74,36,56,18,18,20,24,5,16,0,0,0,0,0,0,0,0,0,0,-72,-27,-89,-59,-114,-78,-71,-69,-61,-64,-67,-67,-59,-62,-67,-65,-52,-85,-80,-62,-88,-20,-6,0,-55,-49,-62,-56,-93,-93,-96,-56,-62,-42,-98,-52,-160,-157,-176,-163,-189,-118,-232,-217,-732,-725,-664,-714]} 1. e4 c6 2. Nc3 d5 3. Nf3 a6 4. d4 Bg4 5. h3 Bh5 6. Bd3 {B11: Caro-Kann: Two Knights Variation.} e6 7. O-O Nf6 8. Bg5 {White has an edge.} Be7 9. e5 Nfd7 10. Bxe7 Qxe7 11. g4 Bg6 12. Ne2 c5 13. c3 Nc6 {[#]} 14. a3 $146 (14. Bxg6 $11 {keeps the balance.} fxg6 15. Qd3) ({Predecessor:} 14. Nf4 O-O 15. Qe2 Bxd3 16. Nxd3 c4 17. Nf4 f6 18. Ng2 Rf7 19. exf6 Qxf6 20. Nfe1 {½-½ (48) Nuber,B (2359)-Stupak,K (2498) Yerevan 2014}) 14... O-O 15. Ng3 (15. Bxg6 $11 {remains equal.} fxg6 16. Qd3) 15... Rad8 16. Qe2 (16. Kg2 $15) 16... cxd4 17. cxd4 Bxd3 18. Qxd3 f6 {[%cal Rf6e5]} 19. exf6 Qxf6 20. Kg2 e5 21. dxe5 Ndxe5 22. Nxe5 Nxe5 23. Qb3 Ng6 24. Rad1 Kh8 (24... Qg5 $17) 25. Nh5 $1 $132 {[%cal Rh5f6][%mdl 2048] White is not keeping still} Nh4+ (25... Qe5 {is interesting.} 26. Kg1 d4 27. Qg3 Qe4 28. f4 d3) 26. Kh1 ({Better is} 26. Kg3 $11 Qd6+ 27. f4 (27. Kxh4 g5+ {[%mdl 64] Decoy} 28. Kxg5 Qe7+ 29. Nf6 Rxf6 30. Kh4 Rf3+ 31. Kh5 h6 32. Qc3+ {[%mdl 64] Back Rank} Rxc3 33. h4 Rd6 34. g5 Qf7+ 35. Kg4 h5#)) 26... Qf3+ $15 27. Qxf3 Rxf3 28. Ng3 d4 29. Rd2 Rb3 30. Rfd1 d3 31. f4 ({White should try} 31. Ne4 $15) 31... Nf3 32. Rf2 (32. Re2 $1 $15) 32... d2 $17 33. Nf1 Kg8 ({Much less strong is} 33... Rbd3 34. Re2 $17) 34. Kg2 {[#]} Nh4+ (34... Rdd3 $1 $19 35. Nxd2 Nh4+ {[%mdl 64] Discovered Attack} 36. Kh2 Rxh3+ 37. Kg1 Rbg3+ 38. Kf1 Rxg4) 35. Kg1 (35. Kh1 $17) 35... Rxb2 $19 36. Rdxd2 $2 (36. Re2) 36... Rbxd2 37. Nxd2 {[#]} Rxd2 $1 {[%mdl 576] Remove Defender. Accuracy: White = 47%, Black = 72%.} 0-1